| 000 | 00534nam a2200169Ia 4500 | ||
|---|---|---|---|
| 008 | 230718s9999 xx 000 0 und d | ||
| 020 | _a9788126541416 | ||
| 041 | _aeng | ||
| 082 |
_a658.4'092 _bBER |
||
| 100 |
_aBerson A.S. _9194574 |
||
| 245 |
_aLeadership Conversations _bChallenging High - Potential Managers To Become Great Leaders |
||
| 260 |
_c2013 _bJossey - Bass |
||
| 300 | _a301 | ||
| 365 |
_cRs. _b549.00 |
||
| 700 |
_aBerson A.S. & Stieglitz R.G. _9194575 |
||
| 906 |
_dO:0338706-Jul-2013B:317730-Apr-2013 _cCOMP _b120.78 |
||
| 999 |
_c332415 _d332415 |
||